000 00426nam a2200169Ia 4500
001 21222
003 IN-NITTTR
005 20251114233241.0
008 251113s9999||||xx |||||||||||||| ||eng||
040 _beng
040 _cIN-NITTTR
041 _aeng
082 _a006.33 P27I
100 _aPatterson, Dan W.
245 0 _aIntroduction to artificial intelligence and expert systems /
_cPatterson, Dan W.
942 _2ddc
_cBK
999 _c23852
_d23852